Loading...
| Auditory Arts | 3 | 13.33 | 100% | 0% | 33% |
| Beliefs | 8 | 22.50 | 100% | 88% | 38% |
| Current Events | 2 | 20.00 | 100% | 100% | 0% |
| Fine Arts - Other Arts | 4 | 15.00 | 100% | 50% | 0% |
| Geography | 1 | 20.00 | 100% | 100% | 0% |
| History - American | 5 | 16.00 | 80% | 60% | 20% |
| History - Ancient | 2 | 25.00 | 100% | 100% | 50% |
| History - European | 4 | 12.50 | 75% | 50% | 0% |
| History - World | 5 | 16.00 | 100% | 40% | 20% |
| Literature - American | 2 | 15.00 | 100% | 50% | 0% |
| Literature - British | 4 | 17.50 | 100% | 75% | 0% |
| Literature - European | 1 | 30.00 | 100% | 100% | 100% |
| Literature - World | 4 | 15.00 | 100% | 50% | 0% |
| Other Academic | 1 | 10.00 | 100% | 0% | 0% |
| Philosophy | 4 | 10.00 | 75% | 25% | 0% |
| Science - Biology | 4 | 12.50 | 75% | 25% | 25% |
| Science - Chemistry | 5 | 8.00 | 80% | 0% | 0% |
| Science - Other | 4 | 12.50 | 75% | 25% | 25% |
| Science - Physics | 2 | 15.00 | 100% | 50% | 0% |
| Social Science | 3 | 10.00 | 100% | 0% | 0% |
| Visual Arts | 3 | 16.67 | 100% | 0% | 67% |